| 000 | 00792cam a22002531 4500 | ||
|---|---|---|---|
| 001 | sa 68019103 | ||
| 003 | DLC | ||
| 005 | 20260227112716.0 | ||
| 008 | 720808s1968 xx 000 0 ind | ||
| 010 | _asa 68019103 | ||
| 035 | _a(OCoLC)374918 | ||
| 040 |
_aDLC _cOAU _dDLC |
||
| 042 | _apremarc | ||
| 050 | 0 | 0 |
_aBL2110 _b.N37 1968 |
| 100 | 1 |
_aNatsir, M., _d1908-1993. |
|
| 245 | 1 | 0 |
_aPersatuan agama dengan negara; _bM. Natsir versus Soekarno, _coleh M. Natsir. |
| 250 | _aTjet. 2. | ||
| 260 |
_aPadang, _bJajasan Pendidikan Islam, _c1968. |
||
| 300 |
_axiii, 82 p. _c20 cm. |
||
| 500 | _aCover title: Sebuah dokumen: M. Natsir versus Soekarno. | ||
| 650 | 0 |
_aReligion and state _zIndonesia. |
|
| 700 | 0 |
_aSoekarno, _d1901-1970. |
|
| 740 | 0 | _aSebuah dokumen: M. Natsir versus Soekarno. | |
| 999 |
_c88820 _d88820 |
||